000 00440nam a22001817a 4500
003 MPLRDC
005 20220104142520.0
008 210129b ||||| |||| 00| 0 eng d
020 _a962-315-007-5
082 _a958.2 SHT
100 _a水禾田编辑
245 _a水禾田摄影作品特集
_c
250 _a第一刷
260 _a
_b专业出版社
_c1987
300 _b
650 _a普通摄影集
942 _cBK
_o958.2 SHT
999 _c31505
_d31495